1816 1110 1756 1631 1337 1365 1329 1904 1449 1448 1362 1768 1778 1151 1040 1598 1307 1246 1972 1611 1470 1856 1672 1041 1963 1855 1995 1247 1036 1800 1578 1934 1105 1947 1056 1386 1534 1325 1000 1327 1856 1289 1805 1622 1936 1919 1818 1397 1031 2000 1902 1614 1627 1642 1305 1591 1150 1010 1416 1796 1053 1864 1566 1794 1605 1686 1178 1943 1238 1432 1554 1706 1902 1660 1349 1669 1170 1273 1794 1333 1861 1905 1318 1844 1432 1101 1299 1691 1523 1519 1806 1274 1720 1712 1615 1912 1063 1515 1665 BCNSPRNW ULIB Ver.6.0+V

เปลี่ยนเป็นภาษาไทย

Change to English
 แสดงรายละเอียดบรรณานุกรม
  กลับหน้าหลัก

Brief Record : Get Marc (ISO 2709) : E-mail record : QR code < ปิดหน้าต่าง
LEADER : 00000nam 2200000uu 4500
001    13399113512
003     ULIB
008    110824s2552||||th 000 0 tha d
020    9786117057106
090    นว.^bน574ก
100 0  นิตย์ ระวี
245 00 กรุ่นไอพิศวาส/^cนิตย์ ระวี
250    พิมพ์ครั้งที่ 1
260    กรุงเทพฯ :^bSimpy Book,^c2552
300    268 หน้า
710 1  Simpy Book
945    ^p195^l0^i026024
995    ทศพร
999     ^aใช้งานได้ทุกระบบ
รายการนี้ยังไม่มีแท็ก
คุณยังไม่ได้ล็อกอิน คุณสามารถมีกิจกรรมร่วมกับเว็บไซต์ได้ แต่ต้องล็อกอินก่อน ::
  ล็อกอิน

รายการสื่อสารสนเทศ

ลำดับที่ ประเภท เลขเรียก/บาร์โค้ด สถานที่ สถานะ
1. นวนิยาย
นวนิยาย
นว. น574ก ฉ.1 
  Barcode: 026024
ห้องสมุดวิทยาเขตสวรรค์ประชารักษ์
►นวนิยาย
บนชั้น
  ขอยืม

BibComment


ยังไม่เคยถูกคอมเมนท์

คอมเมนท์ทรัพยากรรายการนี้
  คอมเมนท์: กรุ่นไอพิศวาส นิต..


 Copyright 2026. Bcnsprnw @Library